| 000 | 00493nam a2200157 a 4500 | ||
|---|---|---|---|
| 001 | 000032191 | ||
| 005 | 20200930063516.0 | ||
| 008 | 090831s1950 dr c 000 0 spa d | ||
| 040 |
_aDO-SdBNP _bspa _cBNPHU |
||
| 082 |
_axxx _bM828p |
||
| 100 | 1 |
_aMorales Castillo, Antonio _917944 |
|
| 245 | 1 | 0 |
_aProyecciones de una política agraria / _cAntonio Morales Castillo. |
| 260 |
_aCiudad Trujillo, República Dominicana : _bMontalvo, _c1950. |
||
| 300 |
_a214 p. : _bretr. ; _c23 cm. |
||
| 049 | _aBNPD | ||
| 999 |
_c31682 _d31682 |
||